| 000 | 00680nam a2200217 4500 | ||
|---|---|---|---|
| 003 | OSt | ||
| 005 | 20240724065639.0 | ||
| 006 | a | ||
| 008 | 240724b |||||||| |||| 00| 0 eng d | ||
| 020 | _a9780061231599 | ||
| 040 |
_aDWCL-Main lib. _cOC |
||
| 082 | _aCirc. 973.929092 F324c 2008 | ||
| 100 | _aFelsenthal, Carol | ||
| 245 | _aClinton in exile : a president out of the White House / | ||
| 260 |
_aN.Y. : _bWilliam Morrow, _cc2008. |
||
| 300 |
_ax, _b386 p. : ill. ; _c24 cm. |
||
| 504 | _aIncludes bibliographical references & index. | ||
| 650 | _a1. Clinton, Bill, 1946. | ||
| 650 | _a2. Presidents - United States - Biography. | ||
| 942 |
_2ddc _n0 _cBK-CIRC _kCirc. |
||
| 999 |
_c2670 _d2670 |
||